Los Nombramientos en las corporaciones locales : manual teórico - práctico / Juan B. González Escribano manual teórico - práctico / Juan B. González Escribano
Descripción Física:
375 p. ; 22 cm
MARC
| LEADER | 00000nam a2200000Ia 4500 | ||
|---|---|---|---|
| 001 | 14278 | ||
| 008 | 160829s1965 (Madrid : Impr. Sáez) xx 000 0 cat d | ||
| 080 | |a M-4-189 | ||
| 100 | |a González Escribano, Juan B. |9 24881 | ||
| 245 | |a Los Nombramientos en las corporaciones locales : |b manual teórico - práctico / Juan B. González Escribano | ||
| 260 | |a [S. l.] : |b [s.n.], |c 1965 (Madrid : Impr. Sáez) | ||
| 300 | |a 375 p. ; |c 22 cm | ||
| 490 | |a Biblioteca certamen de administración local ; 6 | ||
| 590 | |a Índex | ||
| 650 | |a Administració local |x Funcionaris i empleats |x Dret i legislació |x Espanya |9 24882 | ||
| 650 | |a Administració local |x Contractació |x Dret i legislació |x Espanya |9 24883 | ||
| 901 | |a Arxiu | ||
| 942 | |n 1 | ||
| 952 | |0 0 |1 0 |4 0 |6 M4189 |7 1 |9 43358 |a Arxiu |b Arxiu |d 2016-12-01 |l 0 |o M-4-189 |p 14278 |r 2016-12-01 00:00:00 |w 2016-12-01 |y ARXIU | ||
| 999 | |c 45903 |d 45903 | ||